ბათუმის შოთა რუსთაველის სახელმწიფო უნივერსიტეტის ბიბლიოთეკა

საფინანსო სამართალი = The financial law = Финансовое право : (ბიბ.ჩანაწერი № 38519)

000 -ლიდერი
ფიქსირებული სიგრძის საკონტროლო ველი 01171nam a2200253Ia 4500
001 - საკონტროლო ნომერი
საკონტროლო ველი 4620
003 - საკონტროლო ნომრის იდენტიფიკატორი
საკონტროლო ველი GE_BSU
005 - ბოლო ოპერაციის თარიღი და დრო
საკონტროლო ველი 20190507164532.0
008 - ფიქსირებული სიგრძის მონაცემთა ელემენტები - ზოგადი ინფორმაცია
ფიქსირებული სიგრძის საკონტროლო ველი 181216s2004|||| |||||||||||||| ||geo||
020 ## - წიგნის საერთაშორისო სტანდარტული ნომერი
International Standard Book Number 9992832444
040 ## - კატალოგიზაციის წყარო
Transcribing agency GE_BSU
041 ## - ენის კოდი
Language code of text/sound track or separate title geo
080 ## - უნივერსალური ათობითი კლასიფიკაციის ინდექსი
Universal Decimal Classification number 347.73(479.22) შ–48
100 ## - მთავარი ჩანაწერი - პიროვნების სახელი
Personal name შენგელია, რომან
9 (RLIN) 909
245 ## - ცნობა სათაურის შესახებ
Title საფინანსო სამართალი = The financial law = Финансовое право :
Remainder of title ზოგადი ნაწილი /
Statement of responsibility, etc რომან შენგელია; რედ : ჯონი ხეცურიანი ; ამირან ჯიბუტი.
264 ## - წარმოების, გამოცემის, დისტრიბუციის და სხვა ცნობები
გამოცემის, წარმოების, დისტრიბუციის... ადგილი თბილისი .:
გამოცემის, წარმოების, დისტრიბუციის... სახელწოდება მერიდიანი,
გამოცემის, წარმოების, დისტრიბუციის... თარიღი 2004.
300 ## - ფიზიკური აღწერა
Extent 542გვ . ;
Dimensions 20 სმ.
520 ## - SUMMARY, ETC.
Summary, etc რეზ.რუს. და ინგლ. ენაზე
653 ## - INDEX TERM--UNCONTROLLED
Uncontrolled term საფინანსო სამართალი.
653 ## - INDEX TERM--UNCONTROLLED
Uncontrolled term სამართალი
700 ## - ADDED ENTRY--PERSONAL NAME
Personal name ხეცურიანი, ჯონი
Relator term რედაქტორი
9 (RLIN) 910
700 ## - ADDED ENTRY--PERSONAL NAME
Personal name ჯიბუტი, ამირან
Relator term რედაქტორი
9 (RLIN) 911
942 ## - ADDED ENTRY ELEMENTS (KOHA)
Koha item type წიგნი
Source of classification or shelving scheme
ეგზემპლარები
ჩამოწერის სტატუსი დაკარგული ეგზემპლარის სტატუსი კლასიფიკაციის წყარო ან თაროზე გაწყობის სქემა დაზიანების სტატუსი არ გაიცემა მუდმივი მდებარეობა (დაცვის ადგილი) ამჟამინდელი ადგილსამყოფელი თაროზე განთავსების ადგილი შეძენის თარიღი ღირებულება, შესყიდვის ნორმალური ფასი სრული შენახვის შიფრი შტრიხკოდი ბოლო ოპერაციის თარიღი ეგზემპლარის მიმდევრობითი ნომერი (კეტერი?) ფასის ძალაში შესვლის თარიღი ეგზემპლარის სახეობა საჯარო შენიშვნა
          ტექნოლოგიური ფაკულტეტის ბიბლიოთეკა ტექნოლოგიური ფაკულტეტის ბიბლიოთეკა წიგნსაცავი 2018-12-17 16.00 347.73(479.22) შ–48 8298 2018-12-17 8298 2018-12-17 წიგნი 16 ლ.